| 000 | 00000nam##2200000za#4500 |
| 001 | 9.612873 |
| 003 | CaOODSP |
| 005 | 20200327125702 |
| 007 | ta |
| 008 | 150406|1995||||xxc||||| f|0| 0 eng|d |
| 020 | |a0-662-24182-7 |
| 040 | |aCaOODSP|beng |
| 043 | |an-cn--- |
| 086 | 1 |aLU2-153/204-1995E |
| 110 | 1 |aCanada.|bHuman Resources Development Canada. |bUnemployment Insurance. |
| 245 | 10|aUnemployment Insurance and employment durations : |bseasonal and non-seasonal jobs / |cby David A. Green and Timothy C. Sargent. |
| 260 | |aOttawa - Ontario : |bHuman Resources Development Canada. |c1995. |
| 300 | |a55p. : |bgraphs, tables ; |c30 cm. |
| 490 | 1 |aUnemployment Insurance evaluation series |
| 500 | |a"This paper examines whether the UI system induces significant distortionary impacts on job spell durations for seasonal and non-seasonal employment."--Abstract. |
| 504 | |aBibliography. |
| 520 | 3 |aThis paper examines whether the UI system induces significant distortionary impacts on job spell durations for seasonal and non-seasonal employment.--Abstract |
| 563 | |aSoftcover |
| 590 | |a96-06|b1996-02-09 |
| 690 | 07|aEmployment insurance|2gcpds |
| 720 | 1 |aGreen, David A. |
| 720 | 1 |aSargent, Timothy C. |
| 776 | 0#|tUnemployment insurance and employment durations : |w(CaOODSP)9.578715 |
| 830 | #0|aUnemployment insurance evaluation series.|w(CaOODSP)9.514754 |
| 986 | |aIN-AH-204E-05-95 |